Tourist destinations in India / (Record no. 147089)

MARC details
000 -LEADER
fixed length control field 00570nam a22001817a 4500
005 - DATE AND TIME OF LATEST TRANSACTION
control field 20171103123819.0
010 ## - LCCN (DPL NO)
LC control number ENG-121164
020 ## - INTERNATIONAL STANDARD BOOK NUMBER
International Standard Book Number 9789380944005
Terms of availability 295.00
035 ## - SYSTEM CONTROL NUMBER
System control number EN-104696
037 ## - SOURCE OF ACQUISITION
Source of stock number/acquisition DBAD/PUB
082 ## - DEWEY DECIMAL CLASSIFICATION NUMBER
Classification number 915.4
100 ## - MAIN ENTRY--PERSONAL NAME
Personal name Bandopdhyay, Manohar
245 ## - TITLE STATEMENT
Title Tourist destinations in India /
Statement of responsibility, etc by Manohar Bandopadhyay
260 ## - PUBLICATION, DISTRIBUTION, ETC. (IMPRINT)
Place of publication, distribution, etc New Delhi
Name of publisher, distributor, etc Oriental Books
Date of publication, distribution, etc 2010
270 ## - ADDRESS
Address 4760-61, IInd floor 23, Ansari Road Daryaganj
City New Delhi
Postal code 110002
300 ## - PHYSICAL DESCRIPTION
Extent xii,176p.:
Other physical details ill.(maps)
Dimensions 22cm.(Hb)
942 ## - ADDED ENTRY ELEMENTS (KOHA)
Source of classification or shelving scheme Dewey Decimal Classification
Item type English Books
Classification part 915.4
Call number suffix BAN
Holdings
Withdrawn status Lost status Not for loan Collection code Home library Current library Date acquired Source of acquisition Cost, normal purchase price Full call number Barcode Copy number Cost, replacement price Koha item type
      Non-fiction Ashok Vihar Ashok Vihar 02/11/2017 DBAD/PUB 295.00 915.4 BAN EN-104696 1 295.00 English Books

© Delhi Public Library
Hit Counter
free hit counter